| 000 | 01192nam a22002657a 4500 | ||
|---|---|---|---|
| 999 |
_c12589 _d12589 |
||
| 003 | AR-CdUCM | ||
| 008 | 190409b ||||| |||| 00| 0 spa d | ||
| 020 | _a978-9972-691-92-8 | ||
| 040 |
_aMUNICIPALIDAD PROVINCIAL DEL CUSCO _cBIBLIOTECA MUNICIPAL DEL CUSCO |
||
| 082 |
_aES / 985 / _bC34 |
||
| 100 |
_aCastillo Puma, Josefina _930493 |
||
| 245 |
_aKawsayninchista Willanakusunchis patacanchaq willanakuynin, takinkuna ima ( Ollantaytambo, Cuzco ) : _bCompartiendo nuestras vivenvias relatos y canciones de patacancha ( Ollantaytambo, Cuzco ) / |
||
| 260 |
_aCusco : _bFundación Hope, _bCentro de estudios regionales andinos bartolome de las casas ( CBC ), _c2009. |
||
| 300 |
_a211 paginas ; _bIlustraciones, Graficos, Dibujos, _c25 cm. |
||
| 500 | _aCuentos escolares | ||
| 505 | _aContenido: Qillqa riqsirichiy -- Ñanpariq qillqa -- Historiakuna -- ñawpa runakunamanta -- sirinayuq phaqchamanta... | ||
| 650 |
_aTexto educativo _925832 |
||
| 650 |
_aLiteratura _983 |
||
| 650 |
_aHistoria _9136 |
||
| 650 |
_aEducación _9460 |
||
| 700 |
_aCastillo Espinoza, Ronald _911451 |
||
| 700 |
_aCueva Quillahuaman, Graciela _930494 |
||
| 942 |
_2ddc _cLIBROS |
||
| 945 |
_apjha _d2019-04-09 |
||